Story of Civilization: Rousseau and Revolution-History of civilization in France, England, and Germany From 1756, and in the Remainder of Europe From 1715, to 1789 (Record no. 1846969)

MARC details
000 -LEADER
fixed length control field 00745nam a2200265Ia 4500
005 - DATE AND TIME OF LATEST TRANSACTION
control field 20260401122406.0
008 - FIXED-LENGTH DATA ELEMENTS--GENERAL INFORMATION
fixed length control field 008 250103s9999 xx 000 0 eng d
037 ## - SOURCE OF ACQUISITION
Stock number TB
040 ## - CATALOGING SOURCE
Original cataloging agency EDL
040 ## - CATALOGING SOURCE
Language of cataloging eng
040 ## - CATALOGING SOURCE
Transcribing agency EDL
041 ## - LANGUAGE CODE
Source of code eng
041 ## - LANGUAGE CODE
Language code of text/sound track or separate title eng
084 ## - COLON CLASSIFICATION NUMBER
Classification number 909 DUR RR
084 ## - COLON CLASSIFICATION NUMBER
Assigning agency EDL
100 ## - MAIN ENTRY--PERSONAL NAME
Personal name Durant, Will | Durant, Ariel
9 (RLIN) 1233469
245 #0 - TITLE STATEMENT
Title Story of Civilization: Rousseau and Revolution-History of civilization in France, England, and Germany From 1756, and in the Remainder of Europe From 1715, to 1789
245 #0 - TITLE STATEMENT
Statement of responsibility, etc. Durant, Will | Durant, Ariel
260 ## - PUBLICATION, DISTRIBUTION, ETC.
Date of publication, distribution, etc. 1967
300 ## - PHYSICAL DESCRIPTION
Extent 516p
942 ## - ADDED ENTRY ELEMENTS (KOHA)
Koha item type Textbook
942 ## - ADDED ENTRY ELEMENTS (KOHA)
Classification part 909 DUR RR
Holdings
Withdrawn status Lost status Damaged status Not for loan Home library Current library Date acquired Total Checkouts Full call number Barcode Date last seen Price effective from Koha item type
        Department of English Library Department of English Library 2026-04-01   909 DUR RR EL2152339 2026-04-01 2026-04-01 Textbook
Copyright @ Delhi University Library System